শত কবির শত কবিতা (Record no. 281237)
[ view plain ]
| 000 -LEADER | |
|---|---|
| fixed length control field | 01517nam a2200421 a 4500 |
| 001 - CONTROL NUMBER | |
| control field | vtls000321927 |
| 003 - CONTROL NUMBER IDENTIFIER | |
| control field | NLI |
| 005 - DATE AND TIME OF LATEST TRANSACTION | |
| control field | 20210602143423.0 |
| 008 - FIXED-LENGTH DATA ELEMENTS--GENERAL INFORMATION | |
| fixed length control field | 101227s2001 ii 000 p ben |
| 020 ## - INTERNATIONAL STANDARD BOOK NUMBER | |
| Terms of availability | Rs. 25.00 |
| 039 #9 - LEVEL OF BIBLIOGRAPHIC CONTROL AND CODING DETAIL [OBSOLETE] | |
| -- | 201012272105 |
| -- | bengal1 |
| 040 ## - CATALOGING SOURCE | |
| Original cataloging agency | NLI |
| Language of cataloging | ben |
| Transcribing agency | Bengali Div |
| 041 0# - LANGUAGE CODE | |
| Language code of text/sound track or separate title | ben |
| 044 ## - COUNTRY OF PUBLISHING/PRODUCING ENTITY CODE | |
| MARC country code | ii |
| 082 04 - DEWEY DECIMAL CLASSIFICATION NUMBER | |
| Classification number | 891.441 |
| Edition number | 22 |
| 100 1# - MAIN ENTRY--PERSONAL NAME | |
| Linkage | 880-01 |
| 245 00 - TITLE STATEMENT | |
| Linkage | 880-02 |
| Title | শত কবির শত কবিতা |
| Statement of responsibility, etc. | সম্পাদনা:অমল কর,বরুণ চক্রবর্তী |
| 260 ## - PUBLICATION, DISTRIBUTION, ETC. | |
| Place of publication, distribution, etc. | কলকাতা |
| Name of publisher, distributor, etc. | ঝড়ো হাওয়া |
| Date of publication, distribution, etc. | 2001 |
| 300 ## - PHYSICAL DESCRIPTION | |
| Extent | [4],104p. |
| Dimensions | 21.8cm. |
| 504 ## - BIBLIOGRAPHY, ETC. NOTE | |
| Bibliography, etc. note | Includes bibliographical references |
| 650 #0 - SUBJECT ADDED ENTRY--TOPICAL TERM | |
| Topical term or geographic name entry element | Bengali poetry |
| 9 (RLIN) | 1404 |
| 700 1# - ADDED ENTRY--PERSONAL NAME | |
| Linkage | 880-03 |
| Personal name | কর, অমল |
| Relationship | edt. |
| 9 (RLIN) | 205133 |
| 700 1# - ADDED ENTRY--PERSONAL NAME | |
| Linkage | 880-04 |
| Personal name | চক্রবর্তী, বরুণ |
| Relationship | edt. |
| 9 (RLIN) | 1226 |
| 700 1# - ADDED ENTRY--PERSONAL NAME | |
| Linkage | 880-05 |
| 880 1# - ALTERNATE GRAPHIC REPRESENTATION | |
| Linkage | 100-01(B |
| 880 1# - ALTERNATE GRAPHIC REPRESENTATION | |
| Linkage | 245-02(B |
| a | Sata kabir sata kabita |
| c | edited by Amal Kar & Barun Cakraborti |
| 880 1# - ALTERNATE GRAPHIC REPRESENTATION | |
| Linkage | 700-03(B |
| a | Kar, Amal |
| 4 | edt. |
| 880 1# - ALTERNATE GRAPHIC REPRESENTATION | |
| Linkage | 700-04(B |
| a | Cakraborti, Barun |
| 4 | edt. |
| 880 1# - ALTERNATE GRAPHIC REPRESENTATION | |
| Linkage | 700-05(B |
| 887 ## - NON-MARC INFORMATION FIELD | |
| Content of non-MARC field | Debasree Biswas |
| 901 ## - LOCAL DATA ELEMENT A, LDA (RLIN) | |
| a | 62016 |
| b | 18.10.01 |
| 902 ## - LOCAL DATA ELEMENT B, LDB (RLIN) | |
| a | B891.441 S1521 |
| 904 ## - LOCAL DATA ELEMENT D, LDD (RLIN) | |
| a | Debasree Biswas |
| 949 ## - LOCAL PROCESSING INFORMATION (OCLC) | |
| -- | VIRTUAITEM |
| -- | 10008 |
| -- | 100 |
| 6 | DBA000062016BEN |
| e | 62016 |
| 942 ## - ADDED ENTRY ELEMENTS (KOHA) | |
| Source of classification or shelving scheme | Dewey Decimal Classification |
| Koha item type | Books |
| Withdrawn status | Lost status | Damaged status | Not for loan | Collection code | Home library | Current library | Shelving location | Date acquired | Total Checkouts | Full call number | Barcode | Date last seen | Price effective from | Koha item type |
|---|---|---|---|---|---|---|---|---|---|---|---|---|---|---|
| Bengali | National Library of India | National Library of India | Bengali - Books - Main Stack Division | B891.441 S1521 | DBA000062016BEN | 02/06/2021 | 02/06/2021 | Books |
